[Event "Fortaleza Edmar Monte 4th"]
[Site "Fortaleza"]
[Date "2017.07.28"]
[Round "2"]
[White "Palacio, Igor Da Paz"]
[Black "Santos da Silva, Francisco Iran"]
[Result "1-0"]
[WhiteElo "2115"]
[BlackElo "1867"]
[PlyCount "45"]
[EventDate "2017.07.27"]
[EventType "swiss"]
[EventRounds "6"]
[EventCountry "BRA"]
[SourceTitle "EXT 2018"]
[Source "ChessBase"]
[SourceDate "2017.10.13"]
[SourceVersion "1"]
[SourceVersionDate "2017.10.13"]
[SourceQuality "1"]

1. Nf3 f5 2. d3 Nf6 3. e4 fxe4 4. dxe4 Nxe4 5. Bd3 Nf6 6. Ng5 e5 7. Bxh7 Rxh7 8. Nxh7 g6 9. Nxf8 Kxf8 10. Bg5 Kg7 11. Nc3 Qf8 12. Qd2 Qf7 13. 0-0 d6 14. f4 exf4 15. Rxf4 Bf5 16. g4 Nxg4 17. Rxg4 Nc6 18. Rf1 Qd7 19. Rh4 Ne5 20. Nd5 Qc6 21. Bf6+ Kf7 22. Rh7+ Ke8 23. Re7+ 1-0

[Event "Fortaleza Monte Cup"]
[Site "Fortaleza"]
[Date "2017.04.22"]
[Round "4"]
[White "Santos da Silva, Francisco Iran"]
[Black "Pereira Lustosa, Jose Maciel"]
[Result "1-0"]
[WhiteElo "1852"]
[BlackElo "1763"]
[PlyCount "33"]
[EventDate "2017.04.21"]
[EventType "swiss"]
[EventRounds "6"]
[EventCountry "BRA"]
[SourceTitle "CBM 178 Extra"]
[Source "ChessBase"]
[SourceDate "2017.06.22"]
[SourceVersion "1"]
[SourceVersionDate "2017.06.22"]
[SourceQuality "1"]

1. e4 e6 2. d4 b6 3. Bd3 Bb7 4. Nf3 Nf6 5. Nbd2 d5 6. exd5 Qxd5 7. c4 Qh5 8. Qe2 Nbd7 9. Ne4 Bb4+ 10. Kf1 0-0-0 11. a3 Be7 12. h4 h6 13. d5 exd5 14. Ng3 Qg4 15. Qxe7 Rhe8 16. Qb4 dxc4 17. Bf5 1-0

[Event "Fortaleza Monte Cup"]
[Site "Fortaleza"]
[Date "2017.04.21"]
[Round "2"]
[White "Carmo e Silva, Jammes Willian"]
[Black "Santos da Silva, Francisco Iran"]
[Result "0-1"]
[WhiteElo "1906"]
[BlackElo "1852"]
[PlyCount "70"]
[EventDate "2017.04.21"]
[EventType "swiss"]
[EventRounds "6"]
[EventCountry "BRA"]
[SourceTitle "CBM 178 Extra"]
[Source "ChessBase"]
[SourceDate "2017.06.22"]
[SourceVersion "1"]
[SourceVersionDate "2017.06.22"]
[SourceQuality "1"]

1. d4 e6 2. Nf3 Nf6 3. e3 c5 4. Bd3 Nc6 5. b3 cxd4 6. exd4 Bb4+ 7. c3 Ba5 8. 0-0 d5 9. Bb2 a6 10. Nbd2 0-0 11. Qe2 Bc7 12. Rad1 b5 13. Ne5 Nxe5 14. dxe5 Nd7 15. f4 Qh4 16. Rf3 Bb6+ 17. Kh1 f5 18. exf6 Nxf6 19. Rdf1 Ng4 20. g3 Qh5 21. c4 Re8 22. Be5 Bb7 23. cxb5 axb5 24. Bxb5 Red8 25. Rd3 Rxa2 26. Bd4 Bxd4 27. Rxd4 Kh8 28. h4 Qg6 29. Rc1 Nh6 30. Kh2 Nf5 31. Rd3 Nd6 32. Ba4 Ba6 33. Kh1 Bxd3 34. Qe3 Be4+ 35. Kh2 Nf5 0-1